| 000 | 00375nam a2200145Ia 4500 | ||
|---|---|---|---|
| 008 | 090122s9999 xx 000 0 und d | ||
| 082 |
_b8139 _aG = 1 |
||
| 100 |
_aBarker _bRodney |
||
| 245 | _aAnd the Waters Turned to Blood | ||
| 600 | _aBarker | ||
| 630 | _aAnd the Waters Turned to Blood | ||
| 700 | _aBarker | ||
| 730 | _aAnd the Waters Turned to Blood | ||
| 942 | _cBOOK | ||
| 999 |
_c32216 _d32216 |
||